Linking Indigenous Communities with Regional Development

Guardado en:
Detalles Bibliográficos
Formato: Libro
Lenguaje:inglés
Publicado: Paris OECD 2019
Colección:OECD Rural Policy Reviews
Materias:
Etiquetas: Agregar Etiqueta
Sin Etiquetas, Sea el primero en etiquetar este registro!

MARC

LEADER 00000nam$a2200000$$$4500
001 0262313
005 20221220064700.2
020 |a 978-92-64-69253-4 
041 0 |a eng 
044 |a FR 
245 1 0 |a Linking Indigenous Communities with Regional Development 
264 1 |a Paris  |b OECD  |c 2019 
300 |a 343 s. 
490 1 |a OECD Rural Policy Reviews 
830 0 |a OECD Rural Policy Reviews 
610 2 0 |a vidiek 
610 2 0 |a politika regionálna 
610 2 0 |a komunity 
610 2 0 |a rozvoj regionálny 
610 2 0 |a blahobyt 
610 2 0 |a podnikanie rodinné 
610 2 0 |a podnikanie malé 
610 2 0 |a rozvoj hospodársky 
610 2 0 |a porovnanie štatistické medzinárodné